000 00378cam a22001097a 4500
008 180718b1972 xxu||||| |||| 00| 0 eng d
082 _aR112x54 In2p
245 _aReport of the panel on the assessment of the extent of unemployment and under employment
_cby Committee of Unemployment
260 _aNew Delhi
_b
_c1972
300 _a577p.
700 _aIndia. Committee of Unemployment
999 _c495704
_d495704